000 00512nam a2200217Ia 4500
003 OSt
005 20221005130945.0
006 a|||||r|||| 00| 0
007 ta
008 221004b |||||||| |||| 00| 0 snd d
024 _a7183
037 _cTextual
040 _aCRL
_cCRL
_bsnd
041 _2snd
_asnd
082 _aQ3, 1593K1
100 _aSarodanand
_9638912
245 0 _aSatsang mahima
260 _c1961
942 _hQ3, 1593K1
_cTEXL
_2cc
999 _c1058917
_d1058917